Ứng dụng xử lý ngôn ngữ tự nhiên cho bài toán phân tích ý kiến khách hàng : Luận văn Thạc sĩ Công nghệ thông tin. Chuyên ngành Hệ thống thông tin

Nghiên cứu tập trung xây dựng hệ thống phân tích các ý kiến đánh giá sản phẩm bằng tiếng Việt của khách hàng, từ đó gợi ý cho khách hàng đang có nhu cầu mua sản phẩm mới theo các tính năng mong muốn....

Full description

Saved in:
Bibliographic Details
Main Author: Nguyễn, Văn Thọ
Format: Book
Language:Undetermined
Published: Cần Thơ Trường Đại học Cần Thơ 2017
Subjects:
Tags: Add Tag
No Tags, Be the first to tag this record!
Institutions: Trung tâm Học liệu Trường Đại học Cần Thơ
LEADER 01143nam a2200193Ia 4500
001 CTU_225355
008 210402s9999 xx 000 0 und d
082 |a 006.35 
082 |b Th400 
100 |a Nguyễn, Văn Thọ 
245 0 |a Ứng dụng xử lý ngôn ngữ tự nhiên cho bài toán phân tích ý kiến khách hàng : 
245 0 |b Luận văn Thạc sĩ Công nghệ thông tin. Chuyên ngành Hệ thống thông tin 
245 0 |c Nguyễn Văn Thọ ; Trương Quốc Định (Cán bộ hướng dẫn) 
260 |a Cần Thơ 
260 |b Trường Đại học Cần Thơ 
260 |c 2017 
520 |a Nghiên cứu tập trung xây dựng hệ thống phân tích các ý kiến đánh giá sản phẩm bằng tiếng Việt của khách hàng, từ đó gợi ý cho khách hàng đang có nhu cầu mua sản phẩm mới theo các tính năng mong muốn. 
650 |a Pattern recognition systems,Hệ thống nhận dạng mẫu 
980 |a Trung tâm Học liệu Trường Đại học Cần Thơ